000 01022nam0a22002651 4500
001 rc\4445732
005 20260407111640.0
021 _aRU
_bРг334-66
035 _a(NLR Aleph) 008318016
090 _a8739166
_c8739166
100 _a20130416d1965 |||y0rusy50 ca
101 0 _arus
102 _aRU
105 _aa z |||||
200 1 _aИнструкция по индицированию главных двигателей теплоходов
_fМ-во речного флота СССР. Черноморское морское пароходство
210 _aОдесса
_cМаяк
_d1965
215 _a16 с.
_cил.
_d20
300 _aВ конце текста сост.: инж. Б.И. Пузанов
702 1 _aПузанов
_bБ.П.
_gБорис Павлович
_4220
712 0 2 _aЧерноморское морское пароходство
_3RU\NLR\AUTH\8810063641
_9628893
801 0 _aRU
_bNLR
_gpsbo
801 1 _aRU
_bELAR
_2rusmarc
852 _aNLR
_j65-4/19709
942 _cBOOK
980 _aNB